Semiconductores /
Guardado en:
| Autor Principal: | |
|---|---|
| Autor Corporativo: | |
| Formato: | Libro |
| Idioma: | Spanish |
| Publicado: |
Washington, D.C. :
Programa Regional de Desarrollo Científico y Tecnológico, Departamento de Asuntos Científicos, Secretaría General de la Organización de los Estados Americanos,
1970.
|
| Series: | Serie de física ;
monografía no. 6. |
| Materias: | |
| Etiquetas: |
Agregar Etiqueta
Sin Etiquetas, Sea el primero en etiquetar este registro!
|
| LEADER | 00738cam a22001812a 4500 | ||
|---|---|---|---|
| 001 | MAT.inmabb006327 | ||
| 008 | 840426s1970####dcua##########000#0#spa## | ||
| 005 | 20110401134016.0 | ||
| 245 | 1 | 0 | |a Semiconductores / |c por George Bemski. |
| 260 | |a Washington, D.C. : |b Programa Regional de Desarrollo Científico y Tecnológico, Departamento de Asuntos Científicos, Secretaría General de la Organización de los Estados Americanos, |c 1970. | ||
| 300 | |a v, 60 p. : |b il. ; |c 23 cm. | ||
| 100 | 1 | |a Bemski, George. | |
| 710 | 2 | |a Programa Regional de Desarrollo Científico y Tecnológico. | |
| 830 | 0 | |a Serie de física ; |v monografía no. 6. | |
| 650 | 0 | |a Semiconductors. | |
| 010 | |a 77610146 | ||
| 040 | |a DLC |c CarP |d DLC | ||
| 859 | |p OEA-Fi-6 |b BIB. MATEMATICA | ||
